000 00352 a2200109 4500
001 ART_30605
005 20260410161928.0
008 260409a
245 1 0 _aCuestiones procedimentales del derecho a la vida privada y familiar
100 1 _aDorrego, Marisol
773 0 _tDerechos humanos
_g- Año III, Nº 6/B (mayo 2015)
_wREV22278
999 _c28329
_d28329